LEADER 01941nam 2200385 450 001 9910591170903321 005 20230703155936.0 035 $a(CKB)5670000000384372 035 $a(NjHacI)995670000000384372 035 $a(EXLCZ)995670000000384372 100 $a20230703d2022 uy 0 101 0 $aeng 135 $aur||||||||||| 181 $ctxt$2rdacontent 182 $cc$2rdamedia 183 $acr$2rdacarrier 200 10$aInternational aid and urban change $ehumanitarian presence in Bamako, Abidjan, Nairobi and Juba /$fPablo de Roulet 210 1$aBern :$cPeter Lang International Academic Publishers,$d[2022] 210 4$dİ2022 215 $a1 online resource (364 pages) $cillustrations 311 $a3-0343-4412-0 320 $aIncludes bibliographical references. 327 $aList of Abbreviations - Introduction - Theory and Method - The Aid Industry: Social Field and Spatial Habitus - Panorama - Landscape of War - The Layer - Transformations - Synthesis - Conclusion - List of Figures - Bibliography. 330 $aThe presence of expatriate humanitarian workers in African cities is not neutral. Country capitals receive large and sudden influx of expatriates during humanitarian crises responses. This book examines the influence of this presence on the local urban ecosystem, from the building of a security discourse to the self-segregation of aid agencies in expatriate enclaves. The examples of Abidjan, Bamako, Juba and Nairobi illustrate different variants of urban change induced by the normative power of aid organisations. 517 $aInternational Aid and Urban Change 606 $aEconomic assistance$zAfrica 615 0$aEconomic assistance 676 $a338.91096 700 $aDe Roulet$b Pablo$01369531 801 0$bNjHacI 801 1$bNjHacl 906 $aBOOK 912 $a9910591170903321 996 $aInternational aid and urban change$93395759 997 $aUNINA